| 000 | 02225cam a22005054i 4500 | ||
|---|---|---|---|
| 003 | PE-LiUPU | ||
| 005 | 20250731165607.0 | ||
| 008 | 150706s2009 mx a rb 000 0 spa d | ||
| 020 | _a9786077686118 | ||
| 035 | _a(Sirsi) i9786077686118 | ||
| 040 |
_aPE-LiUPU _bspa _cPE-LiUPU _erda |
||
| 049 | _aPRUA | ||
| 082 | 0 | 4 |
_a070.41 _bL83 _221 |
| 100 | 1 |
_aLópez Hidalgo, Antonio, _eautor. |
|
| 245 | 1 | 0 |
_aGéneros periodísticos complementarios : _buna aproximación crítica a los formatos del periodismo visual / _cAntonio López Hidalgo. |
| 264 | 1 |
_aMéxico : _bAlfaomega, _c2009. |
|
| 300 |
_a266 páginas : _bilustraciones ; _c21centímetros |
||
| 336 |
_atext _2rdacontent |
||
| 337 |
_aunmediated _2rdamedia |
||
| 338 |
_avolume _2rdacarrier |
||
| 504 | _aIncluye bibliografía y Hemerografía. | ||
| 505 | 0 | _aGéneros periodísticos: controversias, desencuentros, clasificaciones y propuestas -- Una aproximación crítica a los formatos del periodismo visual -- Los géneros periodísticos complementarios -- La estructura interna de los géneros periodísticos complementarios -- Nuevos formatos de información gráfica en el periodismo visual: la infografía -- Los géneros periodísticos complementarios en los diarios digitales -- Información útil en los géneros periodísticos complementarios. | |
| 526 | _aSEG44 | ||
| 526 | _aSEG26 | ||
| 526 | _aP151 | ||
| 526 | _aP150 | ||
| 526 | _aP149 | ||
| 526 | _aP146 | ||
| 526 | _aP145 | ||
| 526 | _aP126 | ||
| 526 | _aP125 | ||
| 526 | _aP92 | ||
| 526 | _aP75 | ||
| 526 | _aP74 | ||
| 526 | _aP27 | ||
| 526 | _aP15 | ||
| 541 | _g015-0011690; | ||
| 650 | 0 | 4 | _aRedacción periodística. |
| 910 |
_bjv _clch _d20100610 |
||
| 942 |
_2ddc _cBOOK |
||
| 949 |
_a070.41 L83 _wDEWEY _c1 _i61766 _d2016-4-27 _e2016-4-26 _lCCODEBUL1 _mBUL _n3 _p18.00 _r0 _sY _tBOOK _u2015-7-6 _xEDUCACION _PP07 _0COMPRA _o.STAFF. Colección General |
||
| 994 |
_aC0 _bPEPRU |
||
| 596 | _a1 | ||
| 999 |
_a070.41 L83 _wDEWEY _c50914 _i61766 _d50914 _e2018-8-27 _f2021-11-8 _g5 _lCCODEBUL1 _mBUL _n4 _p18.00 _q3 _r0 _sY _tBOOK _u2015-7-6 _xEDUCACION _PP07 _0COMPRA _o.STAFF. Colección General |
||
| 980 |
_81 _gALBERTO SANCHEZ Responsable de Automatización |
||